[Event "GER Cup Amateur GrC 1st"]
[Site "Voelklingen"]
[Date "2000.10.09"]
[Round "4"]
[White "Rossmanith, Frederic"]
[Black "Braun, Konstantin"]
[Result "1-0"]
[WhiteElo "1450"]
[BlackElo "282"]
[PlyCount "61"]
[EventDate "2000.10.??"]
[EventType "swiss"]
[EventRounds "9"]
[EventCountry "GER"]
[SourceTitle "EXT 2004"]
[Source "ChessBase"]
[SourceDate "2003.11.25"]
[SourceVersion "1"]
[SourceVersionDate "2003.11.25"]
[SourceQuality "1"]

1. e4 e5 2. Nf3 Nc6 3. Bb5 a6 4. Ba4 Nf6 5. 0-0 b5 6. Bb3 Bc5 7. c3 0-0 8. d4 exd4 9. cxd4 Bb6 10. Bg5 h6 11. Bxf6 Qxf6 12. e5 Qd8 13. Bc2 d6 14. Qd3 g6 15. Bb3 dxe5 16. Qxg6+ Kh8 17. Qxh6+ Kg8 18. Ng5 Bf5 19. Bxf7+ Rxf7 20. Nxf7 Kxf7 21. Qxc6 Bxd4 22. Nc3 Bxc3 23. bxc3 Rc8 24. Rad1 Qg5 25. Rfe1 Rg8 26. Qxc7+ Kg6 27. Qxe5 Kf7 28. Qc7+ Kf6 29. Rd6+ Be6 30. Rdxe6+ Kf5 31. R1e5+ 1-0

[Event "GER Cup Amateur GrC 1st"]
[Site "Voelklingen"]
[Date "2000.10.08"]
[Round "3"]
[White "Kirschner, Gerhard"]
[Black "Rossmanith, Frederic"]
[Result "1-0"]
[WhiteElo "1401"]
[BlackElo "1450"]
[PlyCount "73"]
[EventDate "2000.10.??"]
[EventType "swiss"]
[EventRounds "9"]
[EventCountry "GER"]
[SourceTitle "EXT 2004"]
[Source "ChessBase"]
[SourceDate "2003.11.25"]
[SourceVersion "1"]
[SourceVersionDate "2003.11.25"]
[SourceQuality "1"]

1. d4 Nf6 2. c4 e6 3. Nf3 Bb4+ 4. Nc3 c5 5. Bg5 cxd4 6. Nxd4 0-0 7. a3 Be7 8. Qc2 Nc6 9. e3 Nxd4 10. exd4 d5 11. c5 a6 12. Bd3 Ne4 13. Bxe7 Qxe7 14. Nxe4 dxe4 15. Bxe4 f5 16. Bf3 Rb8 17. 0-0 Bd7 18. Rfe1 Qf6 19. Rad1 Bc6 20. Bxc6 bxc6 21. b4 f4 22. f3 Qh6 23. Qe4 Rf6 24. Rd2 Rc8 25. Rde2 Qg5 26. Qc2 Qh6 27. Qc4 Re8 28. Qxa6 Kf7 29. Qxc6 Rg6 30. Qe4 Qg5 31. Qe5 Qh6 32. d5 Qh4 33. d6 h5 34. Qe4 Qg5 35. Qd4 h4 36. h3 Qg3 37. Qf2 1-0

[Event "GER Cup Amateur GrC 1st"]
[Site "Voelklingen"]
[Date "2000.10.06"]
[Round "1"]
[White "Gietzen, Daniel"]
[Black "Rossmanith, Frederic"]
[Result "1-0"]
[WhiteElo "1000"]
[BlackElo "1450"]
[PlyCount "91"]
[EventDate "2000.10.??"]
[EventType "swiss"]
[EventRounds "9"]
[EventCountry "GER"]
[SourceTitle "EXT 2004"]
[Source "ChessBase"]
[SourceDate "2003.11.25"]
[SourceVersion "1"]
[SourceVersionDate "2003.11.25"]
[SourceQuality "1"]

1. e4 c6 2. d4 d5 3. e5 Bf5 4. Nc3 e6 5. g4 Bg6 6. h4 h6 7. h5 Bh7 8. Bd3 Bxd3 9. Qxd3 Qb6 10. Nge2 Qa6 11. Nf4 Qxd3 12. Nxd3 Nd7 13. Be3 Bb4 14. Nxb4 Ne7 15. 0-0-0 a5 16. Nd3 b5 17. a3 Nc8 18. f4 Ncb6 19. Kb1 Nc4 20. Rh3 b4 21. axb4 axb4 22. Nxb4 Rb8 23. Nca2 0-0 24. b3 Na5 25. Bd2 Rb6 26. Nxd5 cxd5 27. Bxa5 Ra6 28. b4 Rfa8 29. Rhd3 Nb8 30. Kb2 Nc6 31. Ra1 Rb8 32. Kc1 Nxa5 33. bxa5 Rxa5 34. Rb1 Rba8 35. Nc3 Rc8 36. Kd2 Ra6 37. Ne2 Rac6 38. Rc3 Kf8 39. Rxc6 Rxc6 40. Rb8+ Ke7 41. Rb7+ Kf8 42. f5 Ke8 43. fxe6 Rc4 44. exf7+ Kf8 45. e6 Rc8 46. Nf4 1-0